Library Banner

Good news Bible (Record no. 24752)

MARC details
000 -LEADER
fixed length control field 00353nam a2200157Ia 4500
001 - CONTROL NUMBER
control field 24558
008 - FIXED-LENGTH DATA ELEMENTS--GENERAL INFORMATION
fixed length control field 140411s9999 xx 000 0 und d
020 ## - INTERNATIONAL STANDARD BOOK NUMBER
International Standard Book Number 0-00-512622-3
040 ## - CATALOGING SOURCE
Transcribing agency PK-LaUMT
082 ## - DEWEY DECIMAL CLASSIFICATION NUMBER
Classification number 220
Item number GOO-
245 ## - TITLE STATEMENT
Title Good news Bible
260 ## - PUBLICATION, DISTRIBUTION, ETC. (IMPRINT)
Place of publication, distribution, etc New York,USA:
Name of publisher, distributor, etc Collins Bible,
Date of publication, distribution, etc 1976
300 ## - PHYSICAL DESCRIPTION
Extent 363 p.
546 ## - LANGUAGE NOTE
Language note EN
942 ## - ADDED ENTRY ELEMENTS (KOHA)
Koha item type Books
Holdings
Withdrawn status Lost status Damaged status Not for loan Home library Current library Date acquired Total Checkouts Full call number Barcode Date last seen Date checked out Price effective from Koha item type
        UMT Main Campus UMT Main Campus 2014-04-11 1 220 GOO- 27218 2024-11-28 2024-11-26 2014-04-24 Books